书目信息 |
| 题名: |
施万春作品选集
|
|
| 作者: | 施万春 曲 | |
| 分册: | 民族管弦乐 | |
| 出版信息: | 北京 人民音乐出版社 2013 |
|
| 页数: | 37页 | |
| 开本: | 32cm | |
| 丛书名: | ||
| 单 册: | ||
| 中图分类: | J641 , J648.61 | |
| 科图分类: | ||
| 主题词: | 音乐--作品集--中国--现代 , 民族器乐--管弦乐--器乐曲--作品集--中国--现代 , 音乐 , 民族器乐 , 管弦乐 , 器乐曲 | |
| 电子资源: | ||
| ISBN: | 978-7-103-03522-1 | |
| 000 | 01063ncm0 2200325 450 | |
| 001 | 006731720 | |
| 005 | 20140609165209.67 | |
| 010 | @a978-7-103-03522-1@dCNY58.00(含光盘;附册) | |
| 100 | @a20130729d2013 em y0chiy0110 ea | |
| 101 | 0 | @achi |
| 102 | @aCN@b110000 | |
| 105 | @ag z 000yy | |
| 106 | @ar | |
| 200 | 1 | @a施万春作品选集@9shi wan chun zuo pin xuan ji@i民族管弦乐@dSelection of Shi Wanchun works@iChinese orchestra@f施万春著@zeng |
| 210 | @a北京@c人民音乐出版社@d2013 | |
| 215 | @a37页@d32cm@e1光盘@e1册 | |
| 307 | @a附光盘:ISBN 978-7-900737-22-9 | |
| 307 | @a附:《影片<多彩的云南>选曲——版纳风情(1992)》(36页) | |
| 330 | @a本书分为:主题音乐、沿着社会主义大道奔前方、收工路上等。 | |
| 606 | 0 | @a音乐@x作品集@y中国@z现代 |
| 606 | 0 | @a民族器乐@x管弦乐@x器乐曲@x作品集@y中国@z现代 |
| 606 | 0 | @a音乐 |
| 606 | 0 | @a民族器乐 |
| 606 | 0 | @a管弦乐 |
| 606 | 0 | @a器乐曲 |
| 690 | @aJ641@v5 | |
| 690 | @aJ648.61@v5 | |
| 701 | 0 | @a施万春@9shi wan chun@f(1936~)@4曲 |
| 801 | 0 | @aCN@bNLC@c20130816 |
| 905 | @b847308-10@dJ641@e239@f3 | |
| 施万春作品选集.民族管弦乐=Selection of Shi Wanchun works.Chinese orchestra/施万春著.-北京:人民音乐出版社,2013 |
| 37页;32cm+1光盘+1册 |
| ISBN 978-7-103-03522-1:CNY58.00(含光盘;附册) |
| 本书分为:主题音乐、沿着社会主义大道奔前方、收工路上等。 |
| ● |
| 相关链接 |
|
|
|
|
正题名:施万春作品选集
索取号:J641/239
 
预约/预借
| 序号 | 登录号 | 条形码 | 馆藏地/架位号 | 状态 | 备注 |
| 1 | 847308 | 208473089 | 第一样本阅览室/ [索取号:J641/239] | 在馆 | |
| 2 | 847309 | 208473098 | 第一借阅区/ [索取号:J641/239] | 在馆 | |
| 3 | 847310 | 208473105 | 音乐系资料室/ [索取号:J641/239] | 在馆 |